| 000 | 00398nam a22001457a 4500 | ||
|---|---|---|---|
| 003 | URS | ||
| 005 | 20250516014551.0 | ||
| 008 | 250516b |||||||| |||| 00| 0 eng d | ||
| 040 | _cURS | ||
| 100 | 1 |
_aWaterhouse, Phil. _eauthor |
|
| 245 | 1 | 0 |
_aVolkswagen / _cPhil Waterhouse. |
| 300 | 1 | 0 |
_apages 22 - 23 _c28 cm |
| 773 | 0 |
_082824 _975349 _oPIL-13541110-29-1 _tBusiness review _x13541110 |
|
| 942 |
_2ddc _cCR |
||
| 999 |
_c82931 _d82930 |
||